000 00727nam a2200265 a 4500
001 nice12345678
003 IN_TiNIC
005 20260116013300.0
008 050524s1998 dela grp 000 0 eng
020 _a
_c150
082 0 0 _a291.172
_bFER
100 _aFernando S J, Leonard
245 _aChristian Faith Meets Other Faiths
_b Origen`scontra Celsum and Its Revelance
260 _aDelhi
_bISPCK
_c1998
300 _a261p
500 _aincludes index and biblioraphy
505 2 _aBibliography and Index.
650 _aInterfaith Dialogue
650 _aContra Celsum
650 _aChristianity and Other Religions
700 1 _aFernando S J, Leonard
902 _bSRS
942 _cBK
999 _c10389
_d10389